| 000 | 00531nam a22001577a 4500 | ||
|---|---|---|---|
| 003 | OSt | ||
| 005 | 20150906084404.0 | ||
| 008 | 150906b xxu||||| |||| 00| 0 eng d | ||
| 040 | _cRUA | ||
| 082 | _aAGR ប៊ុនទួន 1989 B001 Or.1 | ||
| 100 |
_969 _aប៊ុនទួន ស៊ីមូណា |
||
| 245 | _aវិសេសភាពនៃទិន្នផលដំណាំពោតអាស្រ័យដោយចំនួនដើម | ||
| 260 |
_aPhnmo Penh _bRUA _c1989 |
||
| 300 |
_a99p. _bill. _c29cm. |
||
| 942 |
_2ddc _cAGR |
||
| 999 |
_c66 _d66 |
||